| 000 | 01571cam a2200481 i 4500 | ||
|---|---|---|---|
| 005 | 20171212141726.0 | ||
| 008 | 071004s1986 pl a e |000 0 pol c | ||
| 020 | _a832080521X | ||
| 035 | _azz2007973568 | ||
| 039 | 9 |
_a201703101154 _bkopilwa _c201611092006 _dszczu _c201506020749 _dkoppp _c201504031132 _dkopub _y200710040844 _zxul |
|
| 040 |
_aŁ U/BWES _cŁ U/BWES _dŁ U/AS _dŁ U/ASs _dLUBL M/AB |
||
| 041 | 0 |
_apol _beng _brus |
|
| 099 | _aja2007008756 | ||
| 100 | 1 |
_aChajtman, Seweryn _d(1919?-2012). |
|
| 245 | 1 | 0 |
_aSystemy i procesy informacyjne / _cSeweryn Chajtman. |
| 260 |
_aWarszawa : _bPaństwowe Wydawnictwo Ekonomiczne, _c1986. |
||
| 300 |
_a194, [1] s. : _bil. ; _c21 cm. |
||
| 490 | 1 | _aInformatyka w Praktyce | |
| 504 | _aBibliogr. s. 188-191. | ||
| 546 | _aStreszcz. ang. i ros. | ||
| 650 | _aSystemy informacyjno-wyszukiwawcze. | ||
| 710 | 2 |
_aPaństwowe Wydawnictwo Ekonomiczne. _4pbl |
|
| 830 | 0 | _aInformatyka w Praktyce | |
| 920 | _a83-208-0521-X | ||
| 956 | _aKR_121 | ||
| 957 | _aKR_197 | ||
| 958 | _aLUBL_58 | ||
| 959 | _aLUBL_64 | ||
| 961 | _aWA_310 WA_M | ||
| 962 | _aKR_U | ||
| 966 | _aPOZN_31 POZN_U | ||
| 967 | _aLUBL_U | ||
| 968 | _aTOR_U | ||
| 970 | _aWA_015 WA_U | ||
| 971 | _aL_U | ||
| 973 | _aKAT_001 KAT_U | ||
| 975 | _aLUBL_M | ||
| 978 | _aOLSZT_003 | ||
| 979 | _aBSTOK_U | ||
| 980 | _aSZCZ_U SZCZ_ZUT | ||
| 982 | _aBYDG_24 | ||
| 999 |
_aVIRTUA40 _c14356 _d14356 |
||
| 999 | _aVTLSSORT0010*0080*0200*0350*0390*0400*0410*0990*1000*2450*2600*3000*4900*5040*5460*6500*7100*8300*9200*9520*9570*9580*9590*9610*9620*9680*9700*9710*9730*9780*9820*9992 | ||